000 00215nam a2200097Ia 4500
008 240331s9999 xx 000 0 und d
082 _bSAN
100 _aSanmugadas, M
245 0 _aManyoshu :
_bkatarkatchal
942 _cL
999 _c3699
_d3699